Основания российской словесности (Запись № 5168015)
[ простой вид ]
| 000 -МАРКЕР | |
|---|---|
| контрольное поле | 02161nam1a22003731i 4500 |
| 001 - ИДЕНТИФИКАТОР ЗАПИСИ | |
| контрольное поле | v19\rc\2112379 |
| 005 - ИДЕНТИФИКАТОР ВЕРСИИ | |
| контрольное поле | 20260503064356.0 |
| 035 ## - ДРУГИЕ СИСТЕМНЫЕ НОМЕРА | |
| Идентификатор записи | (NLR Aleph) 005186172 |
| 100 ## - ДАННЫЕ ОБЩЕЙ ОБРАБОТКИ | |
| Данные общей обработки | 20090914d1814 a||y0rusy50 ca |
| 101 0# - ЯЗЫК РЕСУРСА | |
| Язык текста, звукозаписи и т.д. | русский |
| 102 ## - СТРАНА ПУБЛИКАЦИИ ИЛИ ПРОИЗВОДСТВА | |
| Страна публикации | Российская Федерация |
| 140 ## - ПОЛЕ КОДИРОВАННЫХ ДАННЫХ: СТАРОПЕЧАТНЫЕ ИЗДАНИЯ - ОБЩАЯ ИНФОРМАЦИЯ | |
| Кодированные данные о старопечатном издании - Основные | y y kc yaa0000 |
| 200 1# - ЗАГЛАВИЕ И СВЕДЕНИЯ ОБ ОТВЕТСТВЕННОСТИ | |
| Основное заглавие | Основания российской словесности |
| 205 ## - СВЕДЕНИЯ ОБ ИЗДАНИИ | |
| Сведения об издании | Третие издание |
| Дополнительные сведения об издании | вновь исправленное и во многих статьях пополненное |
| 210 ## - ПУБЛИКАЦИЯ, РАСПРОСТРАНЕНИЕ И ДР. | |
| Место издания, распространения и т.д. | С. Петербург |
| Имя издателя, распространителя и т. д. | в Морской типографии |
| Дата издания, распространения и т.д. | 1814 |
| 215 ## - ФИЗИЧЕСКАЯ ХАРАКТЕРИСТИКА | |
| Специфическое обозначение материала и объем | 2 ч. |
| Размеры | 8° |
| 300 ## - ОБЩИЕ ПРИМЕЧАНИЯ | |
| Текст примечания | Ценз.: И. О. Тимковский, 14 июля 1814 г. |
| 300 ## - ОБЩИЕ ПРИМЕЧАНИЯ | |
| Текст примечания | В конце предуведомления авт. (с. 7): А. Никольской. |
| 300 ## - ОБЩИЕ ПРИМЕЧАНИЯ | |
| Текст примечания | В предисл. авт. (с.5, 7) сообщается, что кн. была составлена для морских училищ по поручению П. В. Чичагова, и, что предыдущие изд. распроданы, т.к. кн. введена была в употребление во многих губернских гимназиях и в частных училищах. |
| 300 ## - ОБЩИЕ ПРИМЕЧАНИЯ | |
| Текст примечания | Загл. частей указаны на шмуцтит. |
| 321 1# - ПРИМЕЧАНИЯ ОБ ОТДЕЛЬНО ИЗДАННЫХ УКАЗАТЕЛЯХ / РЕФЕРАТАХ / ССЫЛКАХ, ОТРАЖАЮЩИХ КАТАЛОГИЗИРУЕМЫЙ ДОКУМЕНТ | |
| Примечания об указателях, рефератах, ссылках | СК 1801-1825 5623 |
| 620 ## - МЕСТО И ДАТА ПУБЛИКАЦИИ, ИСПОЛНЕНИЯ И Т. Д. | |
| Город | Санкт-Петербург |
| 700 #1 - ИМЯ ЛИЦА - ПЕРВИЧНАЯ ОТВЕТСТВЕННОСТЬ | |
| Графика поля | Кириллица |
| Материалы, к которым относится поле | rus |
| Начальный элемент ввода | Никольский |
| Часть имени, кроме начального элемента ввода | А. С. |
| Дополнения к именам, кроме дат | писатель |
| Даты | 1755-1834 |
| Расширение инициалов личного имени | Александр Сергеевич |
| Системный номер авторитетной/нормативной записи | 237504 |
| Идентификатор авторитетной/нормативной записи | RU\NLR\AUTH\770237560 |
| 702 #1 - ИМЯ ЛИЦА - ВТОРИЧНАЯ ОТВЕТСТВЕННОСТЬ | |
| Код отношения | Цензор |
| Графика поля | Кириллица |
| Материалы, к которым относится поле | rus |
| Начальный элемент ввода | Тимковский |
| Часть имени, кроме начального элемента ввода | И. О. |
| Даты | 1768-1837 |
| Расширение инициалов личного имени | Иван Осипович |
| Системный номер авторитетной/нормативной записи | 227481 |
| Идентификатор авторитетной/нормативной записи | RU\NLR\AUTH\770227537 |
| 702 #1 - ИМЯ ЛИЦА - ВТОРИЧНАЯ ОТВЕТСТВЕННОСТЬ | |
| Графика поля | Кириллица |
| Материалы, к которым относится поле | rus |
| Начальный элемент ввода | Чичагов |
| Часть имени, кроме начального элемента ввода | П. В. |
| Даты | 1767-1849 |
| Расширение инициалов личного имени | Павел Васильевич |
| Системный номер авторитетной/нормативной записи | 83279 |
| Идентификатор авторитетной/нормативной записи | RU\NLR\AUTH\77100353 |
| 712 01 - НАИМЕНОВАНИЕ ОРГАНИЗАЦИИ - ВТОРИЧНАЯ ОТВЕТСТВЕННОСТЬ | |
| Код отношения | Печатник (типограф) |
| Начальный элемент ввода | Россия |
| Структурное подразделение | Морское министерство |
| -- | Типография |
| Системный номер авторитетной/нормативной записи | 383522 |
| Идентификатор авторитетной/нормативной записи | RU\NLR\AUTH\889944172 |
| 790 #1 - ИМЯ ЛИЦА - АЛЬТЕРНАТИВНАЯ ФОРМА | |
| Связь между полями | z01700 |
| Начальный элемент ввода | Никольской |
| Часть имени, кроме начального элемента ввода | А. |
| 801 #0 - ИСТОЧНИК ЗАПИСИ | |
| Страна | Российская Федерация |
| Организация | NLR |
| Правила каталогизации | psbo |
| 801 #1 - ИСТОЧНИК ЗАПИСИ | |
| Страна | Российская Федерация |
| Организация | ProSoft-M |
| Источник данных | rusmarc |
| 801 #2 - ИСТОЧНИК ЗАПИСИ | |
| Страна | Российская Федерация |
| Организация | NLR |
| Дата составления | 20170830 |
| Источник данных | rusmarc |
| 852 ## - МЕСТОНАХОЖДЕНИЕ И ШИФР ХРАНЕНИЯ | |
| Идентификатор организации | NLR |
| Шифр хранения (Call Number) | 18.50.5.20 |
| 942 ## - ДОПОЛНИТЕЛЬНЫЕ ЭЛЕМЕНТЫ ЗАПИСИ (АБИС) | |
| Тип экземпляра АБИС | Книга |
Нет доступных экземпляров.